<?xml version="1.0" encoding="UTF-8"?>
<record
    xmlns:xsi="http://www.w3.org/2001/XMLSchema-instance"
    xsi:schemaLocation="http://www.loc.gov/MARC21/slim http://www.loc.gov/standards/marcxml/schema/MARC21slim.xsd"
    xmlns="http://www.loc.gov/MARC21/slim">

  <leader>00368nam a22001457a 4500</leader>
  <controlfield tag="003">SGT</controlfield>
  <datafield tag="020" ind1=" " ind2=" ">
    <subfield code="a">9789371266048</subfield>
  </datafield>
  <datafield tag="082" ind1=" " ind2=" ">
    <subfield code="a">343.052</subfield>
    <subfield code="b">TAX</subfield>
  </datafield>
  <datafield tag="100" ind1=" " ind2=" ">
    <subfield code="a">TAXMANN</subfield>
  </datafield>
  <datafield tag="245" ind1=" " ind2=" ">
    <subfield code="a">INCOME TAX ACT 1961</subfield>
    <subfield code="b">COMPANIES ACT 2013 CGST ACT 2017</subfield>
  </datafield>
  <datafield tag="260" ind1=" " ind2=" ">
    <subfield code="a">NEW DELHI</subfield>
    <subfield code="b">TAXMANN</subfield>
    <subfield code="c">2025</subfield>
  </datafield>
  <datafield tag="300" ind1=" " ind2=" ">
    <subfield code="a">3.11</subfield>
  </datafield>
  <datafield tag="653" ind1=" " ind2=" ">
    <subfield code="a">INCOME TAX ACT , COMPANIES ACT , CGST ACT</subfield>
  </datafield>
  <datafield tag="942" ind1=" " ind2=" ">
    <subfield code="2">ddc</subfield>
    <subfield code="c">BK</subfield>
  </datafield>
  <datafield tag="952" ind1=" " ind2=" ">
    <subfield code="0">0</subfield>
    <subfield code="1">0</subfield>
    <subfield code="2">ddc</subfield>
    <subfield code="4">0</subfield>
    <subfield code="7">0</subfield>
    <subfield code="8">LAW</subfield>
    <subfield code="a">SSSL</subfield>
    <subfield code="b">SSSL</subfield>
    <subfield code="c">TXT</subfield>
    <subfield code="d">2026-03-17</subfield>
    <subfield code="e">ZAFFA BOOKS</subfield>
    <subfield code="g">95.00</subfield>
    <subfield code="i">SGTU</subfield>
    <subfield code="l">0</subfield>
    <subfield code="o">343.052 TAX</subfield>
    <subfield code="p">FL4161</subfield>
    <subfield code="r">2026-03-17 00:00:00</subfield>
    <subfield code="w">2026-03-03</subfield>
    <subfield code="y">BK</subfield>
    <subfield code="k">ZBD0463</subfield>
  </datafield>
  <datafield tag="952" ind1=" " ind2=" ">
    <subfield code="0">0</subfield>
    <subfield code="1">0</subfield>
    <subfield code="2">ddc</subfield>
    <subfield code="4">0</subfield>
    <subfield code="7">0</subfield>
    <subfield code="8">LAW</subfield>
    <subfield code="a">SSSL</subfield>
    <subfield code="b">SSSL</subfield>
    <subfield code="c">TXT</subfield>
    <subfield code="d">2026-03-17</subfield>
    <subfield code="e">ZAFFA BOOKS</subfield>
    <subfield code="g">95.00</subfield>
    <subfield code="i">SGTU</subfield>
    <subfield code="l">0</subfield>
    <subfield code="o">343.052 TAX</subfield>
    <subfield code="p">FL4162</subfield>
    <subfield code="r">2026-03-17 00:00:00</subfield>
    <subfield code="w">2026-03-03</subfield>
    <subfield code="y">BK</subfield>
    <subfield code="k">ZBD0463</subfield>
  </datafield>
  <datafield tag="952" ind1=" " ind2=" ">
    <subfield code="0">0</subfield>
    <subfield code="1">0</subfield>
    <subfield code="2">ddc</subfield>
    <subfield code="4">0</subfield>
    <subfield code="7">0</subfield>
    <subfield code="8">LAW</subfield>
    <subfield code="a">SSSL</subfield>
    <subfield code="b">SSSL</subfield>
    <subfield code="c">TXT</subfield>
    <subfield code="d">2026-03-17</subfield>
    <subfield code="e">ZAFFA BOOKS</subfield>
    <subfield code="g">95.00</subfield>
    <subfield code="i">SGTU</subfield>
    <subfield code="l">0</subfield>
    <subfield code="o">343.052 TAX</subfield>
    <subfield code="p">FL4163</subfield>
    <subfield code="r">2026-03-17 00:00:00</subfield>
    <subfield code="w">2026-03-03</subfield>
    <subfield code="y">BK</subfield>
    <subfield code="k">ZBD0463</subfield>
  </datafield>
  <datafield tag="952" ind1=" " ind2=" ">
    <subfield code="0">0</subfield>
    <subfield code="1">0</subfield>
    <subfield code="2">ddc</subfield>
    <subfield code="4">0</subfield>
    <subfield code="7">0</subfield>
    <subfield code="8">LAW</subfield>
    <subfield code="a">SSSL</subfield>
    <subfield code="b">SSSL</subfield>
    <subfield code="c">TXT</subfield>
    <subfield code="d">2026-03-17</subfield>
    <subfield code="e">ZAFFA BOOKS</subfield>
    <subfield code="g">95.00</subfield>
    <subfield code="i">SGTU</subfield>
    <subfield code="l">0</subfield>
    <subfield code="o">343.052 TAX</subfield>
    <subfield code="p">FL4164</subfield>
    <subfield code="r">2026-03-17 00:00:00</subfield>
    <subfield code="w">2026-03-03</subfield>
    <subfield code="y">BK</subfield>
    <subfield code="k">ZBD0463</subfield>
  </datafield>
  <datafield tag="952" ind1=" " ind2=" ">
    <subfield code="0">0</subfield>
    <subfield code="1">0</subfield>
    <subfield code="2">ddc</subfield>
    <subfield code="4">0</subfield>
    <subfield code="7">0</subfield>
    <subfield code="8">LAW</subfield>
    <subfield code="a">SSSL</subfield>
    <subfield code="b">SSSL</subfield>
    <subfield code="c">TXT</subfield>
    <subfield code="d">2026-03-17</subfield>
    <subfield code="e">ZAFFA BOOKS</subfield>
    <subfield code="g">95.00</subfield>
    <subfield code="i">SGTU</subfield>
    <subfield code="l">0</subfield>
    <subfield code="o">343.052 TAX</subfield>
    <subfield code="p">FL4165</subfield>
    <subfield code="r">2026-03-17 00:00:00</subfield>
    <subfield code="w">2026-03-03</subfield>
    <subfield code="y">BK</subfield>
    <subfield code="k">ZBD0463</subfield>
  </datafield>
  <datafield tag="999" ind1=" " ind2=" ">
    <subfield code="c">34367</subfield>
    <subfield code="d">34367</subfield>
  </datafield>
</record>
